| 000 | 00373nam a2200169Ia 4500 | ||
|---|---|---|---|
| 008 | 210210b1947 xxu||||| |||| 00| 0 eng d | ||
| 041 | _aeng | ||
| 082 | _a828/471 | ||
| 100 | _aNOYES (A) | ||
| 245 | _aPortrait of Horace | ||
| 260 |
_aLondon _bSheed & Ward _c1947 |
||
| 650 | _aPortrait | ||
| 650 | _aof | ||
| 650 | _aHorace | ||
| 690 | _aBiography | ||
| 906 | _a016315 | ||
| 999 |
_c135804 _d135804 |
||